| 000 | 00402nab a2200145Ia 4500 | ||
|---|---|---|---|
| 003 | ES-SlBCS | ||
| 005 | 20210601135707.0 | ||
| 008 | 140529s1998 xxu||||| |||| 00| 0 spa d | ||
| 041 | _aspa | ||
| 100 | 1 |
_aWilliams, Michael E. _9151641 |
|
| 245 | 0 | 0 |
_aApocalypse Now _c Michael E. Williams |
| 650 | 0 | 4 |
_aApocalypse Now _9223069 |
| 773 | 0 |
_tConcilium _gnº. 277, 1998, págs. 509-518 _wRev134 |
|
| 942 | _cAR | ||
| 999 |
_c632413 _d632413 |
||